[Event "Calvia ol (Men)"]
[Site "Mallorca"]
[Date "2004.10.22"]
[Round "7"]
[White "Grischuk, Alexander"]
[Black "Cheparinov, Ivan"]
[Result "0-1"]
[WhiteElo "2704"]
[BlackElo "2576"]
[Annotator "Roiz,M"]
[PlyCount "78"]
[EventDate "2004.10.15"]
[EventType "team-swiss"]
[EventRounds "14"]
[EventCountry "ESP"]
[SourceTitle "CBM 104"]
[Source "ChessBase"]
[SourceDate "2005.01.27"]
[SourceVersion "1"]
[SourceVersionDate "2005.01.27"]
[SourceQuality "1"]
[WhiteTeam "Russia"]
[BlackTeam "Bulgaria"]
[WhiteTeamCountry "RUS"]
[BlackTeamCountry "BUL"]

1. e4 c5 2. Nf3 Nc6 3. Nc3 {A popular way to avoid the long theoretical lines
in Sveshnikov.} e5 4. Bc4 d6 ({Black may also start with} 4... Be7 5. d3 Nf6 {
in order to meet} 6. Ng5 O-O 7. f4 (7. O-O h6) {with} 7... d5 {On the other
hand, now white may play 6.Nd2 (besides 6.Ng5), after which black couldn't
play 6...Bg5 swapping the passive dark-squared bishop.}) 5. d3 Be7 6. O-O ({
Another popular move here is:} 6. Nd2 Bg5 7. Nf1 (7. h4 Bxd2+ 8. Bxd2 Nf6 9.
Bg5 Be6 10. Nd5 Bxd5 11. Bxd5 h6 12. Bxf6 Qxf6 13. c3 O-O 14. Qd2 Ne7 15. Bxb7
Rab8 16. Bd5 Nxd5 17. exd5 Rb7 18. h5 Rfb8 $44 {1/2-1/2 Smirin,I-Khalifman,A/
Moscow 2002/CBM 91 (25)}) 7... Bxc1 8. Rxc1 Nge7 9. Ne3 O-O 10. O-O Be6 11. f4
exf4 12. Rxf4 Ng6 13. Rf2 Qg5 $11 {0-1 Grischuk,A-Kramnik,V/Cap d'Agde 2003/
CBM 98 no vc (54)}) 6... Nf6 7. Ng5 O-O 8. f4 Bg4 {After the game Kramnik,
V-Grischuk,A/Wijk aaz Zee 2003 [Roiz] that move became very popular.} ({
The ''old'' line} 8... exf4 9. Bxf4 {promises white a small but stable
advantage:} Na5 (9... h6 10. Nf3 Be6 11. Nd5 Bxd5 12. exd5 Na5 13. Nh4 Nxc4 14.
dxc4 Nxd5 $5 15. Qxd5 (15. Ng6 fxg6 16. Qxd5+ Kh7 17. Rae1 Qd7 18. c3 Rae8 $11)
15... Bxh4 16. Rad1 (16. Bxd6 $5 Be7 17. Be5 $14) 16... b6 17. Bxd6 Be7 18. Be5
$14 {1/2-1/2 Kramnik,V-Leko,P/Linares 2003/CBM 94/[Meyer,CD] (35)}) 10. Qd2
Nxc4 11. dxc4 Bg4 12. Nf3 Re8 13. Qf2 Qb6 14. b3 Bh5 15. Rae1 Qc6 16. h3 $14 {
0-1 Topalov,V-Van Wely,L/Wijk aan Zee 2003/CBM 93 (37)}) 9. Qe1 (9. Qd2 h6 10.
Nf3 Bxf3 11. Rxf3 exf4 12. Qxf4 Ne5 13. Rf1 Nxc4 14. dxc4 Nd7 15. Qg3 Kh8 16.
Bf4 Nb6 17. b3 Bh4 18. Qf3 Bf6 19. Rad1 Bd4+ 20. Kh1 f5 $11 {1/2-1/2 Smirin,
I-Kosteniuk,A/Philadelphia 2003/EXT 2004 (36)}) 9... exf4 {That helps white to
complete his development, but there is nothing better.} ({Badly is:} 9... Nd4
$2 10. Qh4 h6 11. Nxf7 Rxf7 12. Bxf7+ Kxf7 13. fxe5 dxe5 14. Qxg4 Nxc2 15. Rb1
Qxd3 16. Qh5+ Kg8 17. Qxe5 $16) 10. Bxf4 Nd4 11. Qd2 ({White has also tried:} 
11. e5 dxe5 12. Bxe5 {but after} Bh5 $1 {black's Pf7 is well protected and he
solved the opening problems:} 13. Bxd4 cxd4 14. Nce4 Bg6 15. Kh1 Kh8 16. Ng3
Qd7 17. Qa5 b6 18. Qb5 Rad8 19. Qxd7 $11 {1/2-1/2 Macieja,B-Gelfand,B/Plovdiv
2003/CBM 98 no vc (19)}) 11... h6 $146 {This is a dubious novelty in my
opinion, as after h7-h6 white gets excellent attacking possibilities, using
the open ''g'' file (after an exchange on f3).} ({The usual continuation looks
more solid:} 11... Qd7 12. a4 (12. h3 Bh5 13. Kh2 (13. g4 Bg6 14. Nd5 b5 15.
Bb3 Bd8 16. Rae1 Nxb3 17. axb3 Nxd5 18. exd5 Bf6 $15 {1/2-1/2 Ponomariov,
R-Radjabov,T/XX SuperGM, Linares ESP 2003 (41)}) 13... b5 14. Bb3 Nxb3 15. axb3
b4 16. Ne2 d5 17. e5 Ne8 {[%cal Ge8c7,Gc7e6]} 18. Nf3 Nc7 19. Bg5 f6 20. exf6
Bxf6 21. Bxf6 Rxf6 22. Nfg1 Qd6+ {0.5-0.5 Nikolenko,O-Neverov,V/Czestochowa op
1992}) (12. Be3 a6 13. Bxd4 cxd4 14. Ne2 h6 15. Nf3 d5 16. exd5 Bxf3 17. Rxf3
Nxd5 18. Nxd4 {1/2-1/2 Nisipeanu,L-Van Wely,L/4th IECC, Istanbul TUR 2003 (18)}
(18. Nxd4 Bc5 19. c3 Nxc3 20. bxc3 Bxd4+ 21. Kh1 $14)) 12... h6 13. Nf3 Nxf3+
14. gxf3 Be6 (14... Bh3 $6 {Roiz,M} 15. Rf2 Be6 $2 16. Bxh6 gxh6 17. Qxh6 $18 {
[%cal Gf2g2]}) 15. Kh1 $14 {[%cal Gf1g1] -see my comments to 1/2-1/2 Kramnik,
V-Grischuk,A/Corus Wijk aan Zee 2003 [Roiz]}) 12. Nf3 Bxf3 $5 {Black tries a
new concept in this common position. He keeps his knight in the centre, trying
to start a quick counterplay by b7-b5.} (12... Nxf3+ 13. gxf3 Be6 14. Kh1 $36 {
[%cal Gf1g1] - Here white's initiative is more dangerous than in
Kramnik-Grischuk, as Qd8-d7 is a quite useful move for black. At the same time
a2-a4 is obviously not white's best attacking continuation.}) 13. gxf3 Qd7 14.
Be3 {White should exchange black's knight as soon as possible, as it puts an
unpleasant pressure on Pc2.} (14. Kh1 $6 Nh5 $1 15. Bxh6 $140 Qh3 $1 16. Bf4
Nxc2 $132) 14... b5 {There is no other way of counterplay-otherwise black is
just much worse.} 15. Bxd4 (15. Bd5 $5 Rae8 16. Qg2 Kh8 17. a3 $1 {[%cal Gd5a2]
} Nxd5 18. Nxd5 Nc6 19. Kh1 $14) 15... bxc4 {It's not easy to say which option
of sacrifice is more perspective for black, but I like black's choice.} ({
The alternative was:} 15... cxd4 $1 16. Nxb5 d5 17. exd5 Bc5 18. b4 Bb6 19. a4
Nxd5 $14 {and black has some compensation due to weakness of white's kside,
although white's chances are preferable.}) 16. Bxf6 (16. Be3 $5 cxd3 17. Qxd3
Rfe8 18. Rad1 Rad8 19. b3 $14) 16... Bxf6 17. dxc4 Bd4+ $2 {The idea of
getting counterplay by f7-f5 is right, but black chooses a wrong redaction for
that!} ({After the correct:} 17... Rab8 $1 18. b3 (18. Rab1 $6 Qh3 $1 19. Nd5
$140 Bd4+ 20. Kh1 Rxb2 $15 {[%csl Rf1]}) 18... Qh3 $1 19. Rae1 Bd4+ 20. Kh1 f5
21. exf5 Rxf5 22. Nb5 Rxf3 23. Rxf3 Qxf3+ 24. Qg2 Qxg2+ 25. Kxg2 Be5 $14 {
white has only a small advantage in this endgame.}) 18. Kh1 f5 19. Nd5 $1 $16 {
Finally white's knight has got an ideal spot, while the Bd4 couldn't stay in
the centre too long in view of the following c2-c3.} fxe4 (19... Bxb2 20. Rab1
Rab8 (20... Be5 21. f4 Bf6 22. Nxf6+ gxf6 23. Qd5+ Qf7 24. Qxf5 $18) 21. c3 Ba3
22. Rxb8 Rxb8 23. exf5 $16) 20. c3 Be5 (20... e3 21. Qd3 e2 22. Rfe1 $18) 21.
f4 $1 {The strategy is more important than a pawn! Now black leaves with a
totally passive position.} (21. fxe4 $143 Qh3 22. Qg2 Qh4 $14) 21... Bf6 22.
Rae1 (22. Nxf6+ gxf6 (22... Rxf6 $4 23. Qd5+ $18) 23. Rg1+ Kh8 (23... Kh7 24.
Qg2 Rg8 25. Qxe4+ $16) 24. Rg6 $16) 22... Rae8 23. Qg2 Qf5 (23... Qe6 24. Re3
$16 {[%csl Re4][%cal Gf1e1]} (24. f5 $143 $6 Qe5 25. Rf4 e3 $132)) 24. Re3 {
Black cannot hold his weak Pe4 anymore.} Re6 25. Rh3 $6 {A strange decision.
It's not so easy to break black's defence on the kside, as all his pieces are
defending. At the same time, white could just win the pawn getting a
strategically winning position.} ({After} 25. Rfe1 Bh4 26. R1e2 $16 {I don't
see how black can organize some defence} Rg6 $140 27. Qxe4 Qg4 28. Ne7+ $1 Bxe7
29. Rg3 $18) 25... Bd8 ({Possibly was also} 25... Kh8 $5 26. Ne3 Qh7 {and I
don't see how white can make progress here.}) 26. Ne3 {This is not a serious
mistake, but a continuation of a wrong strategy - the knight was placed
ideally on d5!} ({Another promising continuation was:} 26. Rg1 $5 Rf7 27. Rg3
g5 28. b4 $36) 26... Qh7 27. Qg4 Qg6 28. Qd1 $1 {It's important to keep the
queens on the board, as black's monarch has more troubles!} ({The endgame is
not dangerous for black:} 28. Qxg6 Rxg6 29. Nd5 Re6 30. Re1 g5 $11) 28... Qf7
29. Rg3 ({It was possibly to win the pawn immediately:} 29. f5 $5 Re5 (29...
Ree8 30. Qxd6 $16 {and I don't see any real counterplay of black.}) 30. Qxd6
Bc7 31. Qc6 Bd8 32. Rd1 {[%cal Gd1d7]} Bg5 33. Rd7 Qe8 34. Qb7 Re7 35. Rxe7
Qxe7 36. Qxe7 Bxe7 37. Kg2 Bg5 38. b4 $14) 29... Kh8 30. Qd5 Ree8 31. Qxd6 Bc7
32. Qxc5 (32. Qc6 Bxf4 33. Nd5 e3 34. Nxf4 e2 35. Ng6+ Qxg6 36. Rxf8+ Rxf8 37.
Qxg6 e1=Q+ 38. Rg1 Qe5 39. Qg2 $14) 32... Bxf4 33. Nd5 Qh5 34. Rg2 $2 {Missing
the last winning chances.} ({The ellegant combination doesn't promise white
more than a draw:} 34. Qxf8+ Rxf8 35. Nxf4 Rxf4 36. Rxf4 g5 (36... Qd1+ $2 37.
Rg1 Qe2 38. Rf8+ Kh7 39. Rf7 $18) 37. Rxe4 Qd1+ 38. Kg2 Qc2+ 39. Kf3 $14 {
and black has a large choice of opportunities here, but I believe that white
has some winning chances due to his strong passed ''c'' pawn and the weakness
of Kg8.}) 34... e3 $132 {The passed pawn is very dangerous now.} 35. Rfg1 $4 {
A terrible move, which allows black to win the game immediately!} ({Besides,
white could make a simple draw:} 35. Qxa7 Bg5 36. Rxf8+ (36. Nxe3 $2 Rf3 37.
Rxf3 Qxf3 38. Nc2 Re2 39. Qb8+ Kh7 40. Qg3 Qe4 $17) 36... Rxf8 37. Nxe3 Qf3 38.
Nd5 Qd1+ 39. Rg1 Qf3+ $11) (35. Qd4 Be5 36. Qd1 Rxf1+ 37. Qxf1 Bd6 38. Qe2 Qh4
$132 {[%cal Gh4e4]}) 35... Bxh2 $1 ({Strong was also:} 35... e2 36. Qxa7 (36.
Qd4 Bg5 $19) 36... Bg5 37. Ne3 Rf7 $19) 36. Rxh2 Qf3+ 37. Rhg2 (37. Rgg2 e2 38.
Rxh6+ gxh6 39. Qd4+ Rf6 $19) 37... Rf5 $19 38. Re1 Rg5 39. Ree2 Rxg2 0-1

[Event "Beijing Sportaccord blitz"]
[Site "Beijing"]
[Date "2014.12.13"]
[Round "29"]
[White "Ivanchuk, Vassily"]
[Black "Ponomariov, Ruslan"]
[Result "0-1"]
[WhiteElo "2704"]
[BlackElo "2714"]
[PlyCount "90"]
[EventDate "2014.12.13"]
[EventType "tourn (blitz)"]
[EventRounds "30"]
[EventCountry "CHN"]
[EventCategory "20"]
[SourceTitle "CBM 163 Extra"]
[Source "ChessBase"]
[SourceDate "2014.12.23"]
[SourceVersion "1"]
[SourceVersionDate "2014.12.23"]
[SourceQuality "1"]

1. d4 d6 2. Nf3 g6 3. g3 Bg7 4. Bg2 Nf6 5. O-O O-O 6. Re1 c5 7. dxc5 dxc5 8.
Qxd8 Rxd8 9. c3 Bf5 10. Be3 Nbd7 11. Nbd2 Nd5 12. Nf1 Be4 13. Rad1 Nxe3 14.
Nxe3 Nb6 15. Ng5 Bxg2 16. Kxg2 Na4 17. Rb1 b5 18. Nf3 c4 19. Red1 Rxd1 20. Nxd1
Rd8 21. Kf1 Kf8 22. Rc1 e6 23. Ke1 Ke7 24. e3 e5 25. Ke2 a5 26. Rc2 Nc5 27. Rd2
Nd3 28. Rc2 a4 29. e4 Bh6 30. Ne3 Ke6 31. Nd5 Rd7 32. g4 f5 33. gxf5+ gxf5 34.
Nh4 fxe4 35. Ne3 Bf4 36. Nhg2 Bxh2 37. f3 exf3+ 38. Kxf3 Rf7+ 39. Kg4 Rf2 40.
Rxf2 Nxf2+ 41. Kf3 Nd3 42. Nd1 Bf4 43. Ke4 Bc1 44. b4 axb3 45. axb3 Nc5+ 0-1

[Event "Hoogeveen Unive Crown 17th"]
[Site "Hoogeveen"]
[Date "2013.10.24"]
[Round "4"]
[White "Van Wely, Loek"]
[Black "So, Wesley"]
[Result "0-1"]
[WhiteElo "2693"]
[BlackElo "2706"]
[Annotator "CB"]
[PlyCount "66"]
[EventDate "2013.10.20"]
[EventType "tourn"]
[EventRounds "6"]
[EventCountry "NED"]
[EventCategory "17"]
[SourceTitle "CBM 157"]
[Source "ChessBase"]
[SourceDate "2013.11.12"]
[SourceVersion "1"]
[SourceVersionDate "2013.11.12"]
[SourceQuality "1"]

1. d4 d5 2. c4 c6 3. Nf3 Nf6 4. Nc3 e6 5. Bg5 h6 ({Zur Botwininnikvariante
führt} 5... dxc4 6. e4 b5 7. e5 h6 8. Bh4 g5 9. Nxg5 hxg5 10. Bxg5 Nbd7 11. g3
Bb7 12. Bg2 Qb6 13. exf6 O-O-O 14. O-O c5) 6. Bh4 ({Die Moskauer Variante
entsteht nach} 6. Bxf6 Qxf6 {Schwarz hat dort wenig Sorgen.}) 6... dxc4 7. e4
g5 8. Bg3 b5 {Im Unterschied zur Botwinnikvariante hat Schwarz einen Bauern
mehr.} 9. Be2 Bb7 10. O-O ({Die Alternative ist} 10. h4 g4 11. Ne5 h5 12. O-O
Nbd7 13. Qc2 Nxe5 14. Bxe5 Bg7 15. b3 O-O 16. bxc4 Nh7 17. Bxg7 Kxg7 18. Rad1
Qxh4 {1-0 (59) Grischuk,A (2733)-Aronian,L (2750) Linares 2009}) 10... Nbd7 11.
Ne5 Bg7 12. Nxd7 Nxd7 13. Bd6 a6 14. a4 b4 $5 ({Häufiger geschieht} 14... e5 {
und nun:} 15. Bg4 exd4 16. e5 c5 17. Re1 Nxe5 18. Bxe5 O-O 19. Bxg7 Kxg7 20.
Ne2 f5 21. Bh5 f4 22. Nxd4 cxd4 23. Re6 Bc8 24. Rg6+ Kh7 25. axb5 Rf6 26. Rxf6
Qxf6 27. Qc2+ Bf5 28. Qxc4 Rc8 $14 {1-0 (45) Anand,V (2788)-Leko,P (2752)
Moscow 2009}) 15. Nb1 ({Der Hauptfortsetzung ist hier} 15. Bxb4 Qb6 16. Ba3
Qxd4 {und nun spielte So kürzlich selbst mit Weiß:} 17. Qc2 c5 18. Rfd1 Qe5
19. Bxc4 Qc7 20. Ne2 O-O 21. Rac1 Rfd8 22. b3 Rac8 23. Ng3 Be5 24. Bb2 Bxb2 25.
Qxb2 Qe5 26. Qe2 Nb8 27. Qh5 Qf6 28. Be2 Rd4 29. Rd3 Nd7 30. Rdc3 Rd8 31. Qf3
Qxf3 32. Rxf3 a5 33. Re3 Bc6 34. f3 Kf8 35. Nf1 Rb8 36. Kf2 f5 37. exf5 exf5
38. Re6 Bd5 39. Rxh6 Bxb3 40. Ng3 f4 41. Ne4 Rxa4 42. Rh7 Rd4 43. Nxc5 Nxc5 44.
Rxc5 a4 45. Rxg5 Rbd8 46. Rf5+ Kg8 47. Rh4 R8d7 48. Rg4+ Rg7 49. Rgxf4 Rxf4 50.
Rxf4 Rb7 51. Bc4+ Kg7 52. Rd4 Bc2 53. Rd2 Bb1 54. Bd3 Rd7 55. Ke2 Re7+ 56. Kd1
{1-0 (56) So,W (2684)-Andersen,M (2462) Reykjavik 2013}) 15... Nf6 (15... c5 $5
{kam auch in Betracht.}) 16. e5 Ne4 17. Bxb4 c5 18. dxc5 ({In der einzigen
Vorgängerpartie mit 15.Sb1 geschah} 18. Ba3 cxd4 19. Bf3 Bf8 (19... Rc8 $11)
20. Re1 Bxa3 21. Nxa3 Nc5 22. Nxc4 O-O 23. b4 Bxf3 24. Qxf3 Nd7 25. h4 Rc8 26.
Qd3 Qc7 27. Rac1 Nb6 28. Nd6 Qxc1 29. Rxc1 Rxc1+ 30. Kh2 Rc3 31. Qxd4 Nd5 32.
hxg5 hxg5 33. Qg4 {1-0 (33) Topalov,V (2775)-Gelfand,B (2733) Monte Carlo 2011}
) 18... Bxe5 19. Na3 Qc7 20. Nxc4 (20. h3 a5 21. Be1 c3 {ist gut für Schwarz.}
) 20... Bxh2+ 21. Kh1 Rd8 22. Qb3 $2 ({Nach} 22. Nd6+ Nxd6 23. Qd4 O-O 24. cxd6
Bxd6 25. Bc3 {muss Weiß ums Remis kämpfen.}) ({Richtig war} 22. Qe1 Rd4 23.
Ba5 Qb8 24. Ra3 {mit komplizierter Stellung und gleichen Chancen.}) 22... Qf4
$15 {Der drohende Schwenk der schwarzen Dame auf die h-Linie ist sehr
unangenehm. Zudem muss sich Weiß um den f2 kümmern.} 23. Qf3 Qh4 24. Qg4
Nxf2+ 25. Rxf2 Qxf2 26. c6 $2 ({Richtig war sofort} 26. Rf1 {und nun:} Qg3 27.
Nd6+ Rxd6 28. Qxg3 Bxg3 29. cxd6 $15 {mit Remischancen.}) 26... Bxc6 27. Rf1
Qg3 28. Qxg3 Bxg3 29. Bh5 (29. Bc3 O-O 30. Nb6 Bb7 $19) 29... Rd4 30. Bxf7+ Kd7
31. Bc3 Rh4+ 32. Kg1 Bh2+ 33. Kf2 Rf4+ (33... Rf4+ 34. Ke2 Rxf1 35. Kxf1 Rf8
$19) 0-1